000 00326 a2200157 4500
001 61127
020 _a85322566252
040 _cAnchieta - Pituba
100 _aGoes, Ana
240 1 0 _aIn @ction 7
_lIng
245 1 0 _aIn @ction 7
300 _a151/47
362 0 _a2005
650 4 _aInglês e inglês antigo
942 _cBK
999 _c61127
_d61127